<?xml version="1.0" encoding="UTF-8"?>
<marc:record xmlns:marc="http://www.loc.gov/MARC21/slim">
   <marc:leader>00000nam a2200000 a 4500</marc:leader>
   <marc:datafield ind1="1" ind2=" " tag="100">
      <marc:subfield code="a">Eschenbach, Wolfram von</marc:subfield>
      <marc:subfield code="4">aut</marc:subfield>
      <marc:subfield code="e">Verfasser/-in</marc:subfield>
   </marc:datafield>
   <marc:datafield ind1=" " ind2=" " tag="653">
      <marc:subfield code="a">Parzival</marc:subfield>
   </marc:datafield>
   <marc:datafield ind1="0" ind2="0" tag="245">
      <marc:subfield code="a">Parzival</marc:subfield>
   </marc:datafield>
   <marc:datafield ind1="0" ind2="0" tag="245">
      <marc:subfield code="b">Klassiker der Deutschen Literatur</marc:subfield>
   </marc:datafield>
   <marc:datafield ind1=" " ind2="1" tag="264">
      <marc:subfield code="b">Weltbild-Verl.</marc:subfield>
      <marc:subfield code="c">2006</marc:subfield>
   </marc:datafield>
   <marc:datafield ind1="1" ind2=" " tag="520">
      <marc:subfield code="a">Parzival ist ein Muss für jeden Germanisten, aber auch für Mittelalter-Begeisterte. Insbesondere, wenn man den Text im Original lesen kann, kann man viele Lehren daraus ziehen und ein ganz besonderes Stück Kultur genießen, das noch heute zahlreiche Werke der Literatur prägt. Episch wird die Geschichte Parzivals erzählt, seine Tugenden und Schwächen und seine Entwicklung vom tumpen Naivling zum erkennenden und nicht nur körperlich starken Ritter. Ein Stück Kulturgut, das jeder kennen sollte.

</marc:subfield>
   </marc:datafield>
   <marc:datafield ind1="3" ind2=" " tag="024">
      <marc:subfield code="a">3828974007</marc:subfield>
   </marc:datafield>
</marc:record>
